00670 2200217 4500001002100000005001500021035002000036007000300056008004100059020002200100082001000122084001400132245013000146250001000276260006400286300003200350700002800382700002000410990001100430990001100441INLIS00000000000775920210405104432 a0010-0321001129ta210405 g 0 ind  a978-979-15519-6-0 aR.811 aR.811 KOT aKota Pena :bAntologi Puisi Penyair Nasional dan Bangka Belitung /cEko Maulana Ali Suroso... [et.al]; editor, Willy Siswanto acet.1 aPangkalpinang :bYayasan Kebudayaan Lawang Indonesia,c2008 a132 hal. :bilus. ;c21 cm.0 aEKO, Maulana Ali Suroso0 aWILLY, Siswanto a4062 a a1845 a